<?xml version="1.0" encoding="UTF-8"?><?xml-stylesheet type="text/xsl" href="static/style.xsl"?><OAI-PMH xmlns="http://www.openarchives.org/OAI/2.0/" xmlns:xsi="http://www.w3.org/2001/XMLSchema-instance" xsi:schemaLocation="http://www.openarchives.org/OAI/2.0/ http://www.openarchives.org/OAI/2.0/OAI-PMH.xsd"><responseDate>2026-06-29T03:13:10Z</responseDate><request verb="GetRecord" identifier="oai:docta.ucm.es:20.500.14352/130122" metadataPrefix="marc">https://docta.ucm.es/rest/oai/request</request><GetRecord><record><header><identifier>oai:docta.ucm.es:20.500.14352/130122</identifier><datestamp>2026-01-14T08:39:24Z</datestamp><setSpec>com_20.500.14352_14</setSpec><setSpec>col_20.500.14352_15</setSpec></header><metadata><record xmlns="http://www.loc.gov/MARC21/slim" xmlns:dcterms="http://purl.org/dc/terms/" xmlns:xsi="http://www.w3.org/2001/XMLSchema-instance" xmlns:doc="http://www.lyncode.com/xoai" xsi:schemaLocation="http://www.loc.gov/MARC21/slim http://www.loc.gov/standards/marcxml/schema/MARC21slim.xsd">
   <leader>00925njm 22002777a 4500</leader>
   <datafield ind2=" " ind1=" " tag="042">
      <subfield code="a">dc</subfield>
   </datafield>
   <datafield ind2=" " ind1=" " tag="720">
      <subfield code="a">Muñoz Izquierdo, Nora</subfield>
      <subfield code="e">author</subfield>
   </datafield>
   <datafield ind2=" " ind1=" " tag="720">
      <subfield code="a">Jiménez Mazarío, José Manuel</subfield>
      <subfield code="e">author</subfield>
   </datafield>
   <datafield ind2=" " ind1=" " tag="720">
      <subfield code="a">Camacho Miñano, Juana María Del Mar</subfield>
      <subfield code="e">author</subfield>
   </datafield>
   <datafield ind2=" " ind1=" " tag="260">
      <subfield code="c">2023-05-17</subfield>
   </datafield>
   <datafield ind2=" " ind1=" " tag="520">
      <subfield code="a">We examine whether expanded audit report (EAR) disclosures classified as the audit opinion, going concern uncertainty paragraphs (GCUPs), emphasis of matter paragraphs (EMPs) and key audit matters (KAMs) are associated with the determinants of zombie firms. Theoretically, zombies are inefficient, unprofitable and highly leveraged firms that receive subsidized credit and consume resources that should be allocated to more efficient firms, reducing productivity growth in the economy. Using a sample of Spanish firms during 2017, the period in which the expanded audit standards were implemented, univariate analysis produces support for our expectations, suggesting that zombies are smaller and more indebted, tend to report losses and have EARs that include more disclosures than non-zombies. Our regression results indicate that GCUPs, EMPs, going concern KAMs and KAMs related to the valuation of current assets are more likely to be reported for zombies. Furthermore, the economic significance of GCUPs allows us to offer a new classification of zombies, contributing to zombie theory. To the best of our knowledge, this is the first study on the identification of zombie firms using external audit data and the first to analyze other EAR disclosures apart from KAMs. Our findings may have relevant implications for financial statement users, audit firms, standard setters, financial institutions and governments regarding the usefulness and zombie explanatory ability of EARs.</subfield>
   </datafield>
   <datafield ind1="8" ind2=" " tag="024">
      <subfield code="a">Muñoz-Izquierdo, N., Mazarío, J.M.J. &amp; Camacho-Miñano, M.M. (2024) Zombie firms and disclosures in the expanded audit report. Rev Manag Sci 18, 1519–1555 (2024). https://doi.org/10.1007/s11846-023-00666-5</subfield>
   </datafield>
   <datafield ind1="8" ind2=" " tag="024">
      <subfield code="a">1863-6683</subfield>
   </datafield>
   <datafield ind1="8" ind2=" " tag="024">
      <subfield code="a">1863-6691</subfield>
   </datafield>
   <datafield ind1="8" ind2=" " tag="024">
      <subfield code="a">10.1007/s11846-023-00666-5</subfield>
   </datafield>
   <datafield ind1="8" ind2=" " tag="024">
      <subfield code="a">https://hdl.handle.net/20.500.14352/130122</subfield>
   </datafield>
   <datafield ind1="8" ind2=" " tag="024">
      <subfield code="a">https://doi.org/10.1007/s11846-023-00666-5</subfield>
   </datafield>
   <datafield ind2="0" ind1="0" tag="245">
      <subfield code="a">Zombie firms and disclosures in the expanded audit report</subfield>
   </datafield>
</record></metadata></record></GetRecord></OAI-PMH>